000 00422nam a2200181Ia 4500
001 18703
005 20260306171650.0
008 260306s9999||||xx |||||||||||||| ||und||
041 _aESP
082 _a658.5
_bB94
100 _aBureau Veritas Formación
_eAUT
245 0 _aLogística integral
260 _c2011
300 _a816 páginas :
_c23 cm.
650 _aGEN
654 _aCAN
942 _cLIB
_dJUS
_fJUS
_2ddc
_n
999 _c18703
_d18703